| 000 | 00758nam a2200229 a 4500 | ||
|---|---|---|---|
| 005 | 20230110063529.0 | ||
| 008 | 060316s2003 mx r 000 0 spa d | ||
| 020 | _a8497540905 | ||
| 035 | _aUPN01000143286 | ||
| 049 | _aI | ||
| 050 | 4 |
_aQ164 _bC5.3 |
|
| 245 | 0 | 0 |
_aCiencia divertida / _ctr. Joan Carles Guix. |
| 260 |
_aBarcelona, Esp. : _bOniro, _c2003. |
||
| 300 |
_a71 p. : _bil. |
||
| 440 | 3 |
_aEl juego de la ciencia ; _v20 |
|
| 500 | _a"Selección de los mejores experimentos del Ontario Science Centre" | ||
| 534 |
_pTítulo original: _tThe jumbo book of science |
||
| 650 | 4 |
_aCIENCIA - _xEXPERIMENTOS - _vLITERATURA JUVENIL _96316 |
|
| 650 | 2 |
_aCiencia _vLiteratura juvenil _96801 |
|
| 650 | 4 |
_aEXPERIMENTOS EDUCATIVOS _95899 |
|
| 905 | _aInfantil | ||
| 999 |
_c115433 _d115433 |
||